000 00736nas a2200241 4500
001 BR9802716
003 BR-BrBNA
005 20231205100802.0
007 ta
008 230509b bl.|||p| |||| 00| 00por d
040 _aBR-BrBNA
_bpor
_cBiblioteca Nacional de Agricultura
041 _a(Pt)
072 _aS30
100 1 _aPark, Y.K.
100 1 _aKoo, M.H.
100 1 _aCarvalho, P. de O.
245 1 _aRecentes progressos dos alimentos funcionais
650 _aAlimento
650 _aPadrao de Alimento
773 0 _tBoletim da Sociedade Brasileira de Ciencia e Tecnologia de Alimentos (Brazil)
_xISSN 0101-3637
_g(1997), v. 31(2) p. 200-206
_wBR9802716
909 _a202311
_bLúcia
_c55
_dLúcia Elande
942 _2AGRIS
_n0
_cANA
999 _c158055
_d158055